| 000 | 00423nam a2200157Ia 4500 | ||
|---|---|---|---|
| 008 | 230917s9999||||xx |||||||||||||| ||und|| | ||
| 040 |
_e160146 _aMAIN |
||
| 041 | _aEnglish | ||
| 082 | _a338.4791 D535I | ||
| 100 | _aDhar, Prem Nath | ||
| 245 | 0 | _aInternational tourism: Emerging challenges and future prospects | |
| 250 | _a2nd ed. | ||
| 260 |
_aNew Delhi _bAman Publications _c2006 |
||
| 300 | _a326 p. | ||
| 942 | _cBK | ||
| 999 |
_c129728 _d129728 |
||